Домінантні риси культури в англомовній комунікації (на прикладі прислівївб приказок та загадок) (Запис № 284976)
[ простий вигляд ]
| 000 -LEADER | |
|---|---|
| fixed length control field | 01839nam a22001457a 4500 |
| 080 ## - UNIVERSAL DECIMAL CLASSIFICATION NUMBER | |
| Universal Decimal Classification number | 09 |
| 090 ## - LOCALLY ASSIGNED LC-TYPE CALL NUMBER (OCLC); LOCAL CALL NUMBER (OCLC) | |
| Local cutter number (OCLC) ; Book number/undivided call number, CALL (RLIN) | МИР |
| 100 ## - MAIN ENTRY--PERSONAL NAME | |
| Personal name | Мирончук Н. Р. |
| 245 ## - TITLE STATEMENT | |
| Title | Домінантні риси культури в англомовній комунікації (на прикладі прислівївб приказок та загадок) |
| 260 ## - PUBLICATION, DISTRIBUTION, ETC. (IMPRINT) | |
| Place of publication, distribution, etc | Острог |
| Name of publisher, distributor, etc | КАФ |
| Date of publication, distribution, etc | 2012 |
| 300 ## - PHYSICAL DESCRIPTION | |
| Extent | 73 |
| 520 ## - SUMMARY, ETC. | |
| Summary, etc | ВСТУП<br/>РОЗДІЛ 1. ТЕОРЕТИЧНІ АСПЕКТИ ДОСЛІДЖЕННЯ ПОНЯТТЯ КУЛЬТУРИ ТА ЇЇ ВЗАЄМОЗВЯЗОК З КОМУНІКАЦІЄЮ.<br/>1.1 Визначення категорії культури<br/>1.2 Комунікація як спосіб міжособистісної взаємодії<br/>1.3 Міжкультурна комунікація як чинник діалогу культур<br/>1.4 Мовна картина світу як обєкт дослідження лінгвокультурології та етнопсихолінгвістики<br/>РОЗДІЛ 2. ВІДОБРАЖЕННЯ ДОМІНАНТНИХ РИС КУЛЬТУРИ В АНГЛОМОВНІЙ КОМУНІКАЦІЇ НА ПРИКЛАДУ АНАЛІЗУ АНГЛОМОВНИХ ЗАГАДОКБ ПРИСЛВЇВ ТА ПРИКАЗОК<br/>2.1 Домінантні риси англійської комунікативної поведінки<br/>2.2 Відображення національно-культурних особливостей життя англійців у прислівях та приказках<br/>2.3 Відображення категорії культури в англійських загадках<br/>ВИСНОВКИ<br/>СПИСОК ВИКОРИСТАНОЇ ЛІТЕРАТУРИ<br/>ДОДАТКИ |
| -- | культура, комунікація |
| 650 ## - SUBJECT ADDED ENTRY--TOPICAL TERM | |
| Topical term or geographic name as entry element | Research Papers |
| 942 ## - ADDED ENTRY ELEMENTS (KOHA) | |
| Koha item type | Книги |
| Withdrawn status | Lost status | Source of classification or shelving scheme | Damaged status | Not for loan | Home library | Current library | Date acquired | Source of acquisition | Cost, normal purchase price | Total Checkouts | Full call number | Barcode | Date last seen | Price effective from | Koha item type |
|---|---|---|---|---|---|---|---|---|---|---|---|---|---|---|---|
| Universal Decimal Classification | ВІЛ - Відділ іноземн. літератури НБ | ВІЛ - Відділ іноземн. літератури НБ | 18/09/2012 | Акт №5 | 1.00 | 09 | 215006 | 10/11/2021 | 18/09/2012 | Книги |